It Project Management: On Track From Start to Finish.

Salvato in:
Dettagli Bibliografici
Autore principale: Phillips, Joseph (Autore)
Natura: Libro
Pubblicazione: California, USA: McGraw-Hill / Osborne, 2004.
Edizione:Second edition.
Soggetti:
Tags: Aggiungi Tag
Nessun Tag, puoi essere il primo ad aggiungerne!!

MARC

LEADER 00000nam a22000007a 4500
003 CL-VaPUC
005 20220927083203.0
008 220913t2004 ||||| |||| 00| 0 eng d
999 |c 438717  |d 438715 
020 |a 0-07-223202-1 
040 |c Pontificia Universidad Católica de Valparaíso 
082 |2 22  |a 658.4038 PHI 2004  
100 1 |a Phillips, Joseph  |e author  |9 876589 
245 |a It Project Management:   |b On Track From Start to Finish. 
250 |a Second edition. 
260 |a California, USA:  |b McGraw-Hill / Osborne,  |c 2004. 
300 |a 535 páginas +1CD 
500 |a c.1. Donación Biblioteca Ingeniería. Sin memo. 11/08/2022 
504 |a Includes IT project+ simulated exam, and project management worksheets and templates. 
583 |c 20220913  |k Catalogador Asistente 
650 0 |9 260970  |a Gestión de proyectos  |x Aspectos teóricos   |x Ejercicios y problemas  
650 0 |9 876684  |a Tecnologías de la información (TI)  |x Gestión   |x Proyectos  
650 0 |9 362327  |a Gestión de la información   |x Proyectos  
942 |2 ddc  |c BK 
952 |0 0  |1 0  |2 ddc  |4 0  |6 658_403800000000000_PHI_2004  |7 0  |8 A  |9 586721  |a BIBING  |b BIBING  |c GEN  |d 2022-09-13  |e Donación  |i 5654706  |o 658.4038 PHI 2004  |p 5654706  |r 2025-01-20  |t 1  |w 2022-09-13  |y BK  |k ING